Central Library OPAC University of Rajshahi

The knight of the burning pestle / (Record no. 20937)

MARC details
000 -LEADER
fixed length control field 00719nam a22002411 4500
001 - CONTROL NUMBER
control field 20937
003 - CONTROL NUMBER IDENTIFIER
rucl marc code BD-RjUL
005 - DATE AND TIME OF LATEST TRANSACTION
control field 20211209000629.0
008 - FIXED-LENGTH DATA ELEMENTS--GENERAL INFORMATION
fixed length control field 140302s1967 enkg 000 1 eng
035 ## - SYSTEM CONTROL NUMBER
System control number (BD-RjUL) 20999
040 ## - CATALOGING SOURCE
Original cataloging agency DLC
Transcribing agency DLC
Modifying agency BD-RjUL
Language of cataloging eng
041 ## - LANGUAGE CODE
Language code of text/sound track or separate title eng
082 00 - DEWEY DECIMAL CLASSIFICATION NUMBER
Classification number 822.3
Author mark and year BEK 1967
100 1# - MAIN ENTRY--PERSONAL NAME
Personal name Beaumont, Francis
Dates associated with a name 1584-1616.
9 (RLIN) 54879
245 14 - TITLE STATEMENT
Title The knight of the burning pestle /
Statement of responsibility, etc. Francis Beaumont, edited by John Doebler.
260 ## - PUBLICATION, DISTRIBUTION, ETC. (IMPRINT)
Place of publication, distribution, etc. London :
Name of publisher, distributor, etc. Edward Arnold,
Date of publication, distribution, etc. c1967.
300 ## - PHYSICAL DESCRIPTION
Pagination xxiv, 145 p. :
Illustrations ill., ;
Size 21 cm.
490 0# - SERIES STATEMENT
Series statement Regents Renaissance drama series
700 1# - ADDED ENTRY--PERSONAL NAME
Personal name Doebler, John
Relator term ed.
942 ## - ADDED ENTRY ELEMENTS (KOHA)
Source of classification or shelving scheme Dewey Decimal Classification
Koha item type Books
Holdings
Lost status Source of classification or shelving scheme Damaged status Not for loan Collection code Permanent Location Current Location Shelving location Date acquired Source of acquisition Cost, normal purchase price Total Checkouts Full call number Date last seen Copy number Koha item type
  Dewey Decimal Classification     Fiction Central Library, University of Rajshahi Central Library, University of Rajshahi   26/02/1970 Zetlinger 10.60   822.3 BEK 1967 02/03/2014 C-5 Books
  Dewey Decimal Classification   Not For Loan Non-fiction Central Library, University of Rajshahi Central Library, University of Rajshahi Reading Room 26/02/1970 Zeitlinger 10.00   822.3 BEK 1967 27/09/2020 C-1 Books
  Dewey Decimal Classification     Non-fiction Central Library, University of Rajshahi Central Library, University of Rajshahi   26/02/1970 Zeitlinger 10.00   822.3 BEK 1967 27/09/2020 C-2 Books
  Dewey Decimal Classification     Non-fiction Central Library, University of Rajshahi Central Library, University of Rajshahi   26/02/1970 Zeitlinger 10.00   822.3 BEK 1967 27/09/2020 C-3 Books
  Dewey Decimal Classification     Non-fiction Central Library, University of Rajshahi Central Library, University of Rajshahi   26/02/1970 Zeitlinger 10.00   822.3 BEK 1967 27/09/2020 C-4 Books